00886nam a2200217 a 4500001001000000003000500010005001700015008004100032010001100073011001100084040000900095100003800104245016700142260004100309500006000350502008700410650003400497650003400531650003300565856007000598000111606CHAP20220329144221.0150619s2015 mx a fsm |||||||spa d a108067 a109039 cCHAP1 aZárate Sánchez, Karla Adriana10aConsumo de agua potable para uso doméstico en San Miguel Tlaixpan, municipio de Texcoco, Estado de Méxicoh[En línea]cpor Karla Adriana Zárate Sánchez. aChapingo, Méx. :bEl autor,c2015. aPara ver el contenido del material haga clic en la liga aTesis (Ing. en Restauración Forestal) -- UACH. División de Ciencias Forestales14aAgua potablexAbastecimiento.14aAgua potablexMéxico (Edo.)14aAgua potablexUtilización. aFinding aiduhttp://10.13.5.2/tesis/sist111606.pdfzTeclea aquí